Ley orgánica del Consejo Nacional de Producción y Precios. Dictamen

Збережено в:
Бібліографічні деталі
Співавтор: Costa Rica. Asamblea Legislativa
Формат: Текст
Опубліковано: s.n.t. :
Теги: Додати тег
Немає тегів, Будьте першим, хто поставить тег для цього запису!

MARC

LEADER 00000 a a2200000 04500
001 15724
003
040
090 |a 014200  
110 |a Costa Rica. Asamblea Legislativa  
245 |a Ley orgánica del Consejo Nacional de Producción y Precios. Dictamen  
260 |a s.n.t. :  
300 |a 25 p.  
500 |a Proyecto de ley  
999 |c 11982  |d 11982